000 00795nam a22001577a 4500
003 OSt
005 20151105151313.0
008 151105b xxu||||| |||| 00| 0 eng d
040 _cRUA
082 _aFOR LIM 1999 B126 Or.1
100 _93408
_aLIM, RADY.
245 _aStudy on forest community implementing in the form of forest villages and home-gardens in leay bo commune tramkak district takeo province, សិក្សាពីការអនុវត្តន៍សហគមន៍ព្រៃឈើក្រោមរូបភាពព្រៃភូមិ និង ច្បារដំណាំ នៅឃុំលាយបូរ ស្រុកត្រាំកក់ ខេត្តតាកែវ
260 _aPhnom Penh
_bRUA
_c1999
300 _a82p.
_bill.
_c29cm.
942 _2ddc
_cFOR
999 _c3180
_d3180